Les MVs les plus vues de Babymonster (avril 2026) - Statistiques

Statistiques générales
  • Ce quiz a été pris 167 fois
    50 depuis la dernière actualisation
  • Le résultat moyen est 14 sur 15
Statistiques - réponses
Date de sortie Nombre de vues MV % Correct
26 novembre 2023 340 M Batter Up
100%
1 novembre 2024 364 M Drip
100%
31 mars 2024 400 M Sheesh
100%
30 mai 2024 235 M Like That
97%
18 novembre 2025 176 M Psycho
97%
10 octobre 2025 206 M We Go Up
97%
30 juin 2024 246 M Forever
95%
1 juillet 2025 163 M Hot Sauce
95%
31 janvier 2024 138 M Stuck In The Middle
89%
6 février 2025 146 M Billionaire
86%
30 octobre 2024 131 M Clik Clak
84%
13 mai 2023 88 M Dream
81%
18 décembre 2025 75 M Supa Dupa Luv
81%
16 janvier 2025 118 M Really Like You
78%
15 décembre 2024 82 M Love In My Heart
76%
Aucun quiz correspondant
Distribution des résultats
% des personnes avec chaque résultat
Percentile par nombre de réponses
Votre historique - résultats
Vous n’avez pas pris ce quiz depuis la dernière actualisation